Tutankhamen exhibition in Japan /

محفوظ في:

مؤلفون مشاركون: Asahi Shinbunsha, Tōkyō Kokuritsu Hakubutsukan.

التنسيق: كتاب

اللغة: Japanese

منشور في: Tokyo : Asahi Shinbunsha, 1965.

الموضوعات:

الوسوم: إضافة وسم

لا توجد وسوم, كن أول من يضع وسما على هذه التسجيلة!

رقم الطلب: DT87.5 .A5 1965

LEADER 00921nam a22002297a 4500
003 OSt
005 20260112093538.0
008 261012t1965 ja a c 000 0 jpn d
040 |c ARCE Library 
050 1 4 |a DT87.5  |b .A5 1965 
110 2 |a Asahi Shinbunsha,   |9 21386 
245 1 0 |a Tutankhamen exhibition in Japan /  |c Asahi Shinbunsha ; Tōkyō Kokuritsu Hakubutsukan. 
246 3 1 |a معرض توت عنخ آمون 
264 1 |a Tokyo :  |b Asahi Shinbunsha,   |c 1965. 
300 |a 119 pages :   |b ill. (some col.) ;   |c 23 cm. 
500 |a Catalog of an exhibition held at the Tokyo Kokuritsu Hakubutsukan, Aug. 21-Oct. 10, 1965; at Kyōto-shi Bijtusukan, Oct.-15-Nov.28, 1965; at Fukuoka-ken Bunka Kaikan, Dec.3-28, 1965 and Jan. 2-15, 1966. 
600 0 0 |a Tutankhamen,  |c King of Egypt. 
650 0 |a Art, Egyptian  |v Exhibitions. 
710 2 |a Tōkyō Kokuritsu Hakubutsukan. 
901 |a reviewed 
942 |c BK  |2 lcc 
999 |c 19128  |d 19128